00626nam a22001217a 4500008004100000020001500041050002600056245028700082260004500369300002300414440004600437700002100483140904b xxu||||| |||| 00| 0 eng d a040685159x aKD288.A64(1950 vol 1) aThe All England Law Reports, (1950 vol 1): Incorporating the Law Times Reports and the Law Journal Reports of Cases Decided in the House of Lords, the Privy Council, the Court of Appeal, all Divisions of the High Court and Courts of Special Jurisdiction. /cedited by G.F.L.Bridgman aLondon:bButterworth and Co. Ltd.c1950. axiii,1108p.:c24cm pThe All England Law Reports, 1950vVol 1. aBridgman, G.F.L.